La vida es sueño / (Registro nro. 11408)

Detalles MARC
000 -LEADER
fixed length control field 00909nam a2200289 a 4500
001 - CONTROL NUMBER
control field 0015997
003 - CONTROL NUMBER IDENTIFIER
control field DO-SdBNP
005 - DATE AND TIME OF LATEST TRANSACTION
control field 20180312103829.0
007 - PHYSICAL DESCRIPTION FIXED FIELD--GENERAL INFORMATION
fixed length control field 0015997
008 - FIXED-LENGTH DATA ELEMENTS--GENERAL INFORMATION
fixed length control field 100223s 2005 sp a 000 d spa d
020 ## - INTERNATIONAL STANDARD BOOK NUMBER
International Standard Book Number 8420468800
040 ## - CATALOGING SOURCE
Original cataloging agency BPMSU
Language of cataloging spa
Transcribing agency BPMSU
092 ## - LOCALLY ASSIGNED DEWEY CALL NUMBER (OCLC)
Classification number 862.3
Item number C146vi
100 1# - MAIN ENTRY--PERSONAL NAME
Personal name Calderón de la Barca, Pedro,
Dates associated with a name 1600–1681.
245 13 - TITLE STATEMENT
Title La vida es sueño /
Statement of responsibility, etc. Pedro Calderón de la Barca ; prólogo José María Merino.
260 ## - PUBLICATION, DISTRIBUTION, ETC. (IMPRINT)
Place of publication, distribution, etc. Madrid :
Name of publisher, distributor, etc. Alfaguara,
Date of publication, distribution, etc. 2005
300 ## - PHYSICAL DESCRIPTION
Extent 183 p. :
Other physical details il. ;
Dimensions 22 cm.
490 1# - SERIES STATEMENT
Series statement Roja. Alfaguara. Clásicos.
504 ## - BIBLIOGRAPHY, ETC. NOTE
Bibliography, etc Incluye referencias bibliográficas y notas al pie de las páginas.
650 #4 - SUBJECT ADDED ENTRY--TOPICAL TERM
Topical term or geographic name as entry element TEATRO ESPAÑOL
650 #4 - SUBJECT ADDED ENTRY--TOPICAL TERM
Topical term or geographic name as entry element LITERATURA ESPAÑOLA
700 ## - ADDED ENTRY--PERSONAL NAME
Personal name Merino, José María,
Relator term pról.
830 #0 - SERIES ADDED ENTRY--UNIFORM TITLE
Uniform title
Name of part/section of a work Roja. Alfaguara. Clásicos.
910 ## - USER-OPTION DATA (OCLC)
User-option data
942 ## - ADDED ENTRY ELEMENTS (KOHA)
Source of classification or shelving scheme Dewey Decimal Classification
Koha item type Libros
956 ## - LOCAL ELECTRONIC LOCATION AND ACCESS (OCLC)
Host name VMATEO
Access number 10
Compression information 20150508
Processor of request 0069
Existencias
Withdrawn status Lost status Source of classification or shelving scheme Damaged status Not for loan Collection code Home library Current library Date acquired Source of acquisition Total Checkouts Barcode Date last seen Price effective from Koha item type
    Dewey Decimal Classification     Colección General Biblioteca Pública Metropolitana Salomé Ureña Biblioteca Pública Metropolitana Salomé Ureña 09/15/2016 SELLAR   BPMSU16090343 09/15/2016 09/15/2016 Libros